The Bhagavad Gita For Daily Living Volume-1 (Record no. 41259)

MARC details
000 -LEADER
fixed length control field 00373nam a2200133Ia 4500
008 - FIXED-LENGTH DATA ELEMENTS--GENERAL INFORMATION
fixed length control field 240719s9999 xx 000 0 und d
041 ## - LANGUAGE CODE
Language code of text/sound track or separate title eng
082 ## - DEWEY DECIMAL CLASSIFICATION NUMBER
Classification number 200 EAS
100 ## - MAIN ENTRY--PERSONAL NAME
Personal name Eknath, Easwaran
245 ## - TITLE STATEMENT
Title The Bhagavad Gita For Daily Living Volume-1
260 ## - PUBLICATION, DISTRIBUTION, ETC.
Place of publication, distribution, etc. Mumbai
Name of publisher, distributor, etc. Jaico Book
Date of publication, distribution, etc. 2013
300 ## - PHYSICAL DESCRIPTION
Extent 425.; P. 24 Cm.
520 ## - SUMMARY, ETC.
Summary, etc. Gifted By : IMT Faculty Dr. Pawan Jain
Holdings
Withdrawn status Lost status Damaged status Not for loan Home library Current library Shelving location Date acquired Total Checkouts Full call number Barcode Date last seen Date last checked out Price effective from Koha item type Public note
        IMTN IMTN Rack 4-A 05/26/2023 1 200 EAS 32954 05/15/2025 04/09/2025 07/19/2024 Books Gifted
Designed & Maintained by: LRC IMT Nagpur Contact: lrc@imtnag.ac.in© 2024. All Rights Reserved.